[Event "Paris-ch op-B 87th"]
[Site "Paris"]
[Date "2012.07.11"]
[Round "5"]
[White "Conq, Alain"]
[Black "Probert, Luc"]
[Result "0-1"]
[WhiteElo "1850"]
[BlackElo "1919"]
[PlyCount "90"]
[EventDate "2012.07.07"]
[EventType "swiss"]
[EventRounds "9"]
[EventCountry "FRA"]
[SourceTitle "EXT 2013"]
[Source "ChessBase"]
[SourceDate "2012.11.22"]
[SourceVersion "1"]
[SourceVersionDate "2012.11.22"]
[SourceQuality "1"]

1. d4 Nf6 2. c4 e6 3. Nc3 Bb4 4. e3 b6 5. Nf3 Bb7 6. Bd3 Ne4 7. Bxe4 Bxe4 8. 0-0 Bb7 9. Ne5 Bxc3 10. bxc3 0-0 11. Ba3 d6 12. Nd3 c5 13. Qb3 Ba6 14. Rfd1 Qc8 15. Rac1 Nc6 16. Qa4 Bb7 17. d5 Na5 18. e4 e5 19. Rf1 Ba6 20. Nb2 Qe8 21. Qc2 Bxc4 22. Nxc4 Nxc4 23. Bb2 b5 24. Ba1 Qd7 25. Qd3 f5 26. f3 f4 27. a4 a6 28. Rb1 Rfb8 29. Rf2 Rb7 30. Bb2 Rab8 31. Bc1 Na5 32. axb5 axb5 33. g3 g5 34. gxf4 gxf4 35. Rg2+ Kh8 36. Bd2 Nc4 37. Be1 Rg8 38. Bh4 Rxg2+ 39. Kxg2 Ra7 40. Kh1 Kg7 41. Rg1+ Kf7 42. Bf2 Qh3 43. Qe2 Ra3 44. Be1 Ne3 45. Bf2 Ra2 0-1

[Event "Syre Memorial op 30th"]
[Site "Issy les Moulineaux"]
[Date "2007.05.18"]
[Round "3"]
[White "Veron, Cyprien"]
[Black "Probert, Luc"]
[Result "1-0"]
[WhiteElo "2090"]
[BlackElo "1873"]
[PlyCount "49"]
[EventDate "2007.05.17"]
[EventType "swiss"]
[EventRounds "6"]
[EventCountry "FRA"]
[SourceTitle "EXT 2008"]
[Source "ChessBase"]
[SourceDate "2007.11.25"]
[SourceVersion "1"]
[SourceVersionDate "2007.11.25"]
[SourceQuality "1"]

1. Nf3 d5 2. d4 Nf6 3. c4 c6 4. Nc3 dxc4 5. a4 Bf5 6. e3 e6 7. Bxc4 Bb4 8. 0-0 0-0 9. Nh4 Qe7 10. Nxf5 exf5 11. Qb3 Bd6 12. f3 Qc7 13. h3 Rd8 14. Bd2 Bg3 15. Ne2 Bh4 16. e4 Ne8 17. Bf4 Nd6 18. g3 Bf6 19. Bxd6 Bxd4+ 20. Nxd4 Qxd6 21. Bxf7+ Kf8 22. Nxf5 Qc7 23. Bh5 g6 24. Qc3 Kg8 25. Nh6+ 1-0